000 00475nam a2200193Ia 4500
005 20230921113841.0
008 131103s9999 xx 000 0 und d
020 _a1854712632
040 _aLoreto College
041 _aEnglish
082 _aF
_bMON
100 _aMontgomery,L.M.
245 _aAnne of Windy Willows
_cL.M.Montgomery
260 _aLondon
_bBloomsbury Books
_c1994
300 _a255 p.
650 _aFiction in English
850 _aLCLIB
942 _cBK
999 _c15720
_d66199